LEADER 00783nam a2200205 i 4500 001 000000000910 003 CaOOAMICUS 005 20180830125434.0 008 180830s1976 xx u000 u und u 040 $aSeMil$bita 100 1 $aLazzati, Giuseppe,$d<1909-1986>.$0(OLS)http://semarc/name/41 245 13$aIl Regno di Dio è in mezzo a voi /$cGiuseppe Lazzati. 260 $aMilano :$bIstituto Secolare Cristo Re,$ccopyr. 1976-copyr. 1979. 300 $a4 v. ;$c21 cm. 774 0 $t1943-1952.$g1$w()56483 774 0 $t1952-1965.$g2$w()193547 774 0 $t1966-1971.$g3$w()193548 774 0 $t1972-1978.$g4$w()193549 996 $6245$aIl Regno di Dio è in mezzo a voi$9(OLS)http://semarc/title/1421 996 $6260$aMilano :$bIstituto Secolare Cristo Re$9(OLS)http://semarc/publisher/30066 LEADER 01646nam a2200289 i 4500 001 000000000096 003 CaOOAMICUS 005 20250121142737.0 008 180830s1956 gw u000 u ger u 040 $aSeMil$bita 245 00$aHandbuch der Dogmengeschichte /$chrsg. von Michael Schmaus, Alois Grillmeier, Leo Scheffczyk ; Schriftleitung Michael Seybold, Matthias Eichinger. 264 1$aFreiburg ; Basel ; Wien :$bHerder,$c1956- 300 $av. ;$c27 cm. 650 4$aTeologia dogmatica - Manuali.$0(OLS)http://semarc/subject/4 650 4$aDogma - Storia delle dottrine.$0(OLS)http://semarc/subject/5 700 1 $aSchmaus, Michael,$d<1897-1993>.$0(OLS)http://semarc/name/108 700 1 $aEichinger, Matthias.$0(OLS)http://semarc/name/112 700 1 $aSeybold, Michael.$0(OLS)http://semarc/name/111 700 1 $aGrillmeier, Alois,$c.$0(OLS)http://semarc/name/89101 700 1 $aScheffczyk, Leo,$c.$0(OLS)http://semarc/name/110 774 0 $t1: Das Dasein im Glauben.$dFreiburg ; Basel ; Wien : Herder, 1962.$gBd. 1$w()11600 774 0 $t2: Der Trinitarische Gott ; Die Schöpfung ; Die Sünde.$dFreiburg ; Basel ; Wien : Herder, 1963.$gBd. 2$w()10758 774 0 $t3: Christologie-Soteriologie-Ekklesiologie-Mariologie-Gnadenlehre.$dFreiburg ; Basel ; Wien : Herder, 1965.$gBd. 3$w()11605 774 0 $t4: Sakramente-Eschatologie.$dFreiburg ; Basel ; Wien : Herder, 1956.$gBd. 4$w()11606 996 $6245$aHandbuch der Dogmengeschichte$9(OLS)http://semarc/title/165 996 $6264$aFreiburg ; Basel ; Wien :$bHerder$9(OLS)http://semarc/publisher/29643